| 000 | 00601nam a22001937a 4500 | ||
|---|---|---|---|
| 999 |
_c191 _d191 |
||
| 003 | OSt | ||
| 005 | 20191001110700.0 | ||
| 008 | 140711b xxu||||| |||| 00| 0 eng d | ||
| 020 | _a 9781849961196 | ||
| 040 | _cDLNM | ||
| 082 | _a006.3 BEN 2010 | ||
| 100 |
_aBenyoucef, Lyes; Kumar, Ela _9492 |
||
| 245 |
_aArtificial intelligence: _bTechniques for Netwoked Manufacturing Enterprises Management |
||
| 260 |
_aNew Dheli; _bSpringer, _c2010 |
||
| 300 |
_axxii ,454 p.: _bill; _c24 cm. |
||
| 504 | _aIncludes bibliographical references and index | ||
| 650 |
_aComputer science _9493 |
||
| 942 |
_2ddc _cB_BANK |
||